Log book initiative comes to boil. (Record no. 61217)
[ view plain ]
| 000 -LEADER | |
|---|---|
| fixed length control field | 00714cam a2200181 4500 |
| 001 - CONTROL NUMBER | |
| control field | WB3529-22 |
| 008 - FIXED-LENGTH DATA ELEMENTS--GENERAL INFORMATION | |
| fixed length control field | 000000n1999 000 0 eng u |
| 035 ## - SYSTEM CONTROL NUMBER | |
| System control number | (Sirsi) u102125 |
| 245 ## - TITLE STATEMENT | |
| Title | Log book initiative comes to boil. |
| 260 ## - PUBLICATION, DISTRIBUTION, ETC. | |
| Date of publication, distribution, etc. | 1999 |
| 490 ## - SERIES STATEMENT | |
| Series statement | Building Homes |
| Volume/sequential designation | (08) August 1999, 10(1) |
| 520 ## - SUMMARY, ETC. | |
| Summary, etc. | Reports on the Benchmark scheme for gas installations, which sets out to identify 'rogue installers'. The log will initially focus on boilers and would include contact details for the installer and records of 10 services. It is seen as a possible precursor of a home log book scheme. |
| 650 ## - SUBJECT ADDED ENTRY--TOPICAL TERM | |
| Topical term or geographic name entry element | GAS INSTALLATION |
| 650 ## - SUBJECT ADDED ENTRY--TOPICAL TERM | |
| Topical term or geographic name entry element | SAFETY |
| 650 ## - SUBJECT ADDED ENTRY--TOPICAL TERM | |
| Topical term or geographic name entry element | BENCHMARK |
| 690 ## - LOCAL SUBJECT ADDED ENTRY--TOPICAL TERM (OCLC, RLIN) | |
| Topical term or geographic name as entry element | HOUSING |
| 942 ## - ADDED ENTRY ELEMENTS (KOHA) | |
| Suppress in OPAC | 0 |
| Withdrawn status | Lost status | Source of classification or shelving scheme | Damaged status | Not for loan | Home library | Current library | Shelving location | Date acquired | Total Checkouts | Full call number | Barcode | Date last seen | Copy number | Price effective from | Koha item type |
|---|---|---|---|---|---|---|---|---|---|---|---|---|---|---|---|
| Dewey Decimal Classification | London | London | News article | 16/11/1999 | WB3529-22 | 102125-1001 | 06/08/2019 | 1 | 06/08/2019 | News article |